Normal view
MARC view
Entry Personal Name
001 - CONTROL NUMBER
- control field: 25521
003 - CONTROL NUMBER IDENTIFIER
- control field: ARRUPE
005 - DATE AND TIME OF LATEST TRANSACTION
- control field: 20160830091019.0
008 - FIXED-LENGTH DATA ELEMENTS
- fixed length control field: 160830|| aca||aabn | a|a d
040 ## - CATALOGING SOURCE
- Original cataloging agency: ARRUPE
- Transcribing agency: ARRUPE
100 ## - HEADING--PERSONAL NAME
- Personal name: Schapiro, Leonard Bertram
670 ## - SOURCE DATA FOUND
- Source citation: Work cat.: (ARRUPE): Schapiro, Leonard Bertram, Totalitarianism, 1972